00920nam a2200265Ia 450000500170000000800410001702000150005804100080007310000320008124501260011325000220023930000330026149000300029465000300032465000270035465000370038170000320041870000400045026400300049033600270052033700330054733800280058004000350060808400110064320220316235521.0121119s2004 ck a gr 000 0 spa  a95863328881 aspa1 aDickens, Charlesd1812-187010aCanción de navidad cCharles Dickens ; ilustración, Arthur Rackham ... [et al.] ; traducción, Santiago R. Santerbas aPrimera edición a224 páginasbilustraciones0 aTus libros : maravillosos14aLiteratura juvenil 2LEMB14aNavidadvNovela 2LEMB14aNovela inglesaySiglo XIX 2LEMB1 aRackham, Arthureilustrador1 aSanterbás, Santiago R.etraductor aBogotábRei Andesc2004 atextobtxt2rdacontent asin mediaciónbn2rdamedia avolumenbnc2rdacarrier aCO-BoRNBPbspaerdacCO-BoRNBP aN DIC1